[Event "7th Parsvnath International Open Chess T"]
[Site "New Delhi India"]
[Date "2009.01.13"]
[Round "4"]
[White "Chinmay, Kulkarni"]
[Black "Ponnuswamy, Konguvel"]
[Result "1/2-1/2"]
[WhiteElo "2271"]
[BlackElo "2462"]
[PlyCount "51"]
[EventDate "2009.01.11"]
[Source "MonRoi"]

1. e4 c5 2. Nf3 d6 3. d4 cxd4 4. Nxd4 Nf6 5. Nc3 e6 6. Be2 a6 7. O-O Be7 8. Be3
O-O 9. a4 Nc6 10. Kh1 Qc7 11. f4 Bd7 12. Nb3 b6 13. Bf3 Rfe8 14. Qe2 Nb4 15.
Rad1 Bc6 16. Rd4 d5 17. e5 Nd7 18. Rdd1 Nc5 19. Nd4 Bb7 20. Qf2 Nc6 21. Qg3
Nxd4 22. Bxd4 Rad8 23. Rfe1 Bc6 24. Qf2 Bb7 25. Qe3 Bf8 26. h3 1/2-1/2

[Event "7th Parsvnath International Open Chess T"]
[Site "New Delhi India"]
[Date "2009.01.13"]
[Round "4"]
[White "Justin, Sarkar"]
[Black "Farhan, Mohannad"]
[Result "1-0"]
[WhiteElo "2455"]
[BlackElo "2279"]
[PlyCount "87"]
[EventDate "2009.01.11"]
[Source "MonRoi"]

1. d4 d5 2. c4 c6 3. Nf3 Nf6 4. e3 a6 5. Bd3 e6 6. Nbd2 c5 7. b3 Nc6 8. Bb2 b6
9. O-O Bb7 10. cxd5 Nxd5 11. Ne4 cxd4 12. Nxd4 Nxd4 13. Bxd4 Qh4 14. Rc1 Ba3
15. Rc4 Qh6 16. Ra4 Be7 17. Qe2 O-O 18. Bxa6 Rxa6 19. Rxa6 Nb4 20. Rxb6 Bxe4
21. Rd1 Nd5 22. Ra6 Rc8 23. f3 Bg6 24. e4 Nf4 25. Qd2 f6 26. Be3 e5 27. Ra7 Bf8
28. Bxf4 Qxf4 29. Qd5+ Kh8 30. Ra8 Qe3+ 31. Kf1 Rxa8 32. Qxa8 Kg8 33. Rd8 Qc1+
34. Ke2 Qc2+ 35. Kf1 Qc1+ 36. Kf2 Qc5+ 37. Kg3 Bf7 38. Qb8 g5 39. b4 Qe7 40. b5
Be6 41. b6 h5 42. Rxf8+ Kg7 43. Rg8+ Bxg8 44. Qa7 1-0

[Event "7th Parsvnath International Open Chess T"]
[Site "New Delhi India"]
[Date "2009.01.13"]
[Round "4"]
[White "Das, Abhishek"]
[Black "Praveen M, Thipsay"]
[Result "0-1"]
[WhiteElo "2251"]
[BlackElo "2453"]
[PlyCount "90"]
[EventDate "2009.01.11"]
[Source "MonRoi"]

1. e4 e5 2. Nf3 Nc6 3. Nc3 Nf6 4. Bb5 Bb4 5. O-O O-O 6. d3 d6 7. Bg5 Bxc3 8.
bxc3 Qe7 9. Re1 Nd8 10. d4 Ne6 11. Bc1 c5 12. Bf1 Rd8 13. g3 cxd4 14. cxd4 b6
15. Bb2 Bb7 16. Bd3 Nxd4 17. Nxd4 exd4 18. Bxd4 Nd7 19. Qh5 Ne5 20. f4 Nxd3 21.
cxd3 Rac8 22. Re3 f6 23. Rae1 Qf7 24. Qh4 Rc2 25. g4 Rdc8 26. Rh3 h6 27. g5
fxg5 28. fxg5 Qg6 29. Rg3 h5 30. Rf1 Rc1 31. Rgf3 Rxf1+ 32. Kxf1 Rc1+ 33. Kg2
Rd1 34. Qf4 Bxe4 35. dxe4 Rxd4 36. Qf5 Qxf5 37. exf5 Rg4+ 38. Rg3 Rxg3+ 39.
Kxg3 b5 40. Kf4 b4 41. Ke4 a5 42. Kd5 a4 43. Kc4 b3 44. axb3 a3 45. Kc3 d5 0-1

[Event "7th Parsvnath International Open Chess T"]
[Site "New Delhi India"]
[Date "2009.01.13"]
[Round "4"]
[White "P, Karthikeyan"]
[Black "Upadhyaya, Anwesh"]
[Result "1-0"]
[WhiteElo "2450"]
[BlackElo "2269"]
[PlyCount "139"]
[EventDate "2009.01.11"]
[Source "MonRoi"]

1. d4 d5 2. c4 c6 3. Nc3 Nf6 4. Nf3 a6 5. c5 Nbd7 6. Bf4 Nh5 7. Bd2 Nhf6 8. Rc1
g6 9. h3 Bg7 10. Bf4 O-O 11. e3 Ne8 12. Be2 f6 13. e4 e6 14. O-O f5 15. e5 h6
16. h4 Nc7 17. Qd2 Kh7 18. b4 Nb8 19. a4 Bd7 20. g3 Re8 21. Kg2 Qe7 22. Rh1 Rh8
23. Rh2 Kg8 24. Rch1 Rh7 25. Bd3 Be8 26. Rb1 Bf8 27. Rhh1 Qd8 28. Rb2 Qc8 29.
Rhb1 Ra7 30. Rg1 Kh8 31. Kf1 Qd8 32. Ke2 Ra8 33. Rbb1 Bf7 34. g4 Qe8 35. Qc2
Nd7 36. Be3 Ra7 37. h5 g5 38. gxf5 exf5 39. Bxf5 Rg7 40. a5 Bxh5 41. Rg3 Bxf3+
42. Rxf3 Kg8 43. Rh1 h5 44. Bxd7 Qxd7 45. Rxh5 Be7 46. Qf5 Qxf5 47. Rxf5 Ne6
48. Rh6 Nc7 49. Kf3 Ra8 50. Kg4 Rf8 51. Rxf8+ Kxf8 52. Rh8+ Kf7 53. Rb8 Ne6 54.
Rxb7 Rh7 55. Ra7 Rh1 56. Rxa6 Nxd4 57. Bxd4 Rh4+ 58. Kg3 Rxd4 59. f3 Rxb4 60.
Rxc6 d4 61. Ne4 d3 62. e6+ Kg6 63. Rc7 d2 64. Nxd2 Bf6 65. Rd7 Be5+ 66. Kg2 Rb2
67. a6 Kf6 68. a7 Ra2 69. e7 Kf7 70. Rd8 1-0

[Event "7th Parsvnath International Open Chess T"]
[Site "Modern School, Barakhamba Road"]
[Date "2009.01.13"]
[Round "4.21"]
[White "Sengupta, Deep"]
[Black "Arindam, Mukherjee"]
[Result "1-0"]
[WhiteElo "2445"]
[BlackElo "2259"]
[PlyCount "61"]
[EventDate "2009.01.11"]

1. e4 c5 2. Nf3 d6 3. d4 cxd4 4. Nxd4 Nf6 5. Nc3 a6 6. Be3 e6 7. a4 Nc6 8. Be2
Be7 9. O-O O-O 10. Nb3 b6 11. f4 Bb7 12. Bf3 Qc7 13. Qe1 Rab8 14. Rd1 Nb4 15.
Qf2 Ba8 16. Rd2 d5 17. e5 Ne4 18. Bxe4 dxe4 19. Qg3 Rfd8 20. f5 Rxd2 21. Nxd2
Nxc2 22. Bh6 g6 23. fxe6 fxe6 24. Ndxe4 Nd4 25. Qd3 Nf5 26. Bf4 b5 27. axb5
axb5 28. Nxb5 Bf6 29. exf6 e5 30. Be3 Qc6 31. Rf2 1-0

[Event "7th Parsvnath International Open Chess T"]
[Site "Modern School, Barakhamba Road"]
[Date "2009.01.13"]
[Round "4.22"]
[White "Koshy, Varugeese"]
[Black "Murali Krishnan, B T."]
[Result "1/2-1/2"]
[WhiteElo "2248"]
[BlackElo "2444"]
[PlyCount "53"]
[EventDate "2009.01.11"]

1. c4 c6 2. b3 d5 3. Bb2 Bg4 4. Nf3 Nd7 5. e3 e6 6. Be2 Ngf6 7. O-O Bd6 8. d4
Qb8 9. Nbd2 O-O 10. h3 Bh5 11. Qc2 Re8 12. Rae1 a5 13. a3 Bg6 14. Bd3 e5 15.
Bxg6 hxg6 16. cxd5 Nxd5 17. dxe5 Nxe5 18. Nxe5 Bxe5 19. Bxe5 Qxe5 20. Nc4 Qc3
21. Rc1 Qf6 22. Rfd1 Re6 23. Qd2 Qd8 24. Qd4 Qe7 25. Nb6 Rd8 26. Nc4 Ra8 27.
Nb6 1/2-1/2

[Event "7th Parsvnath International Open Chess T"]
[Site "Modern School, Barakhamba Road"]
[Date "2009.01.13"]
[Round "4.23"]
[White "Roy Chowdhury, Saptarshi"]
[Black "Singh, Gurpreet Pal"]
[Result "1/2-1/2"]
[WhiteElo "2444"]
[BlackElo "2258"]
[PlyCount "41"]
[EventDate "2009.01.11"]

1. Nf3 Nf6 2. d4 g6 3. Nbd2 d5 4. e3 Bg7 5. b4 O-O 6. Bb2 Nbd7 7. Be2 Ne4 8. c4
Nxd2 9. Qxd2 Nb6 10. c5 Nc4 11. Bxc4 dxc4 12. Qc2 b5 13. cxb6 axb6 14. Qxc4 Be6
15. Qc2 Rxa2 16. O-O Bf5 17. Qc3 Rxa1 18. Rxa1 Qd6 19. h3 Rc8 20. Rc1 Qd5 21.
Qc4 1/2-1/2

[Event "7th Parsvnath International Open Chess T"]
[Site "Modern School, Barakhamba Road"]
[Date "2009.01.13"]
[Round "4.24"]
[White "Mohammad, Ali"]
[Black "Sriram, Jha"]
[Result "0-1"]
[WhiteElo "2232"]
[BlackElo "2442"]
[PlyCount "58"]
[EventDate "2009.01.11"]

1. e4 e5 2. Nf3 Nc6 3. Bb5 a6 4. Ba4 Nf6 5. O-O Be7 6. Re1 b5 7. Bb3 d6 8. h3
Na5 9. d4 exd4 10. e5 dxe5 11. Nxe5 O-O 12. Bd2 b4 13. a3 Bb7 14. Bxb4 Bxb4 15.
axb4 Nxb3 16. cxb3 Qd6 17. Nd3 Qc6 18. f3 Nd5 19. Na3 Ne3 20. Qd2 Qg6 21. Nc4
Nxg2 22. Qxg2 Qxd3 23. Ne5 Qxb3 24. Rac1 Qxb4 25. Qg3 Qd6 26. f4 Rac8 27. Red1
c5 28. Rd2 f6 29. Ng4 Kh8 0-1

[Event "7th Parsvnath International Open Chess T"]
[Site "Modern School, Barakhamba Road"]
[Date "2009.01.13"]
[Round "4.25"]
[White "Rathnakaran, K."]
[Black "Jain, Shreyansh Daklia"]
[Result "0-1"]
[WhiteElo "2431"]
[BlackElo "2250"]
[PlyCount "50"]
[EventDate "2009.01.11"]

1. e4 c6 2. d3 d5 3. Nd2 e5 4. Ngf3 Bd6 5. g3 Nf6 6. Bg2 O-O 7. O-O Nbd7 8. Nh4
Re8 9. b3 Qc7 10. Bb2 dxe4 11. dxe4 b5 12. a4 a5 13. Nf5 Bf8 14. f4 Ba6 15. g4
g6 16. g5 Nh5 17. fxe5 Nxe5 18. Nh6+ Bxh6 19. gxh6 Rad8 20. Rf5 Qb6+ 21. Kh1
Qe3 22. Rxe5 Rxe5 23. Nc4 Rxd1+ 24. Rxd1 Ng3+ 25. hxg3 Rh5+ 0-1

[Event "7th Parsvnath International Open Chess T"]
[Site "Modern School, Barakhamba Road"]
[Date "2009.01.13"]
[Round "4.26"]
[White "Das, Sayantan"]
[Black "Murshed, Niaz"]
[Result "1/2-1/2"]
[WhiteElo "2224"]
[BlackElo "2429"]
[PlyCount "34"]
[EventDate "2009.01.11"]

1. e4 g6 2. d4 d6 3. Nc3 c6 4. Be3 Bg7 5. Qd2 Qa5 6. f3 Nd7 7. Nge2 h5 8. Nc1
Ngf6 9. Nb3 Qc7 10. a4 O-O 11. Be2 e5 12. O-O Re8 13. d5 cxd5 14. exd5 a6 15.
a5 Nf8 16. Ra4 Qe7 17. Rb4 N8h7 1/2-1/2

[Event "7th Parsvnath International Open Chess T"]
[Site "Modern School, Barakhamba Road"]
[Date "2009.01.13"]
[Round "4.27"]
[White "Shyam, Sundar M"]
[Black "Saravana, Krishnan P"]
[Result "1/2-1/2"]
[WhiteElo "2426"]
[BlackElo "2243"]
[PlyCount "48"]
[EventDate "2009.01.11"]

1. e4 e6 2. d4 d5 3. Nc3 Bb4 4. e5 c5 5. a3 Bxc3+ 6. bxc3 Nc6 7. Qg4 g6 8. Nf3
Qa5 9. Bd2 Qa4 10. Kd1 Bd7 11. Qf4 c4 12. h4 h6 13. Nh2 Rh7 14. Ng4 O-O-O 15.
Nf6 Nxf6 16. Qxf6 Re8 17. h5 g5 18. f4 gxf4 19. Rh4 Ne7 20. Rxf4 Qb5 21. Kc1
Nf5 22. g4 Ng3 23. Qh4 Ne4 24. Be1 Rg7 1/2-1/2

[Event "7th Parsvnath International Open Chess T"]
[Site "Modern School, Barakhamba Road"]
[Date "2009.01.13"]
[Round "4.28"]
[White "Saptarshi, Roy"]
[Black "Saurabh, Kherdekar"]
[Result "0-1"]
[WhiteElo "2410"]
[BlackElo "2238"]
[PlyCount "110"]
[EventDate "2009.01.11"]

1. e4 e6 2. d4 d5 3. Nc3 Nc6 4. e5 f6 5. Nf3 Bb4 6. a3 Ba5 7. b4 Bb6 8. b5 Nce7
9. Bd3 c5 10. bxc6 bxc6 11. Na4 Ng6 12. Nxb6 axb6 13. h4 f5 14. h5 Nf8 15. g4
fxg4 16. Bg5 Qd7 17. Nh2 Ba6 18. Nxg4 Bxd3 19. Qxd3 h6 20. Bd2 Ne7 21. Rb1 Qa7
22. Rh3 Nd7 23. Rf3 Qa6 24. Qc3 Rf8 25. Rxf8+ Nxf8 26. Rb3 Nd7 27. Qh3 Qc4 28.
Ne3 Qxd4 29. Bc3 Qe4 30. Rb4 Qh7 31. Qxe6 Rxa3 32. Rf4 g5 33. Rf6 Nxf6 34. exf6
Qe4 35. f7+ Kf8 36. Qxh6+ Kxf7 37. Qg7+ Ke8 38. h6 Rxc3 39. h7 Rxe3+ 40. fxe3
Ng6 41. Kd2 g4 42. c3 g3 43. h8=R+ Nxh8 44. Qxh8+ Kf7 45. Qb8 Qg2+ 46. Kd3 Qf1+
47. Kd2 g2 48. Qc7+ Kg6 49. Qg3+ Kf5 50. Qh3+ Ke5 51. Qh2+ Ke6 52. Qh6+ Kd7 53.
Qg7+ Kd6 54. Qg3+ Kc5 55. Qg4 Qc4 0-1

[Event "7th Parsvnath International Open Chess T"]
[Site "Modern School, Barakhamba Road"]
[Date "2009.01.13"]
[Round "4.29"]
[White "Himanshu, Sharma"]
[Black "Muminova, Nafisa"]
[Result "1-0"]
[WhiteElo "2405"]
[BlackElo "2220"]
[PlyCount "85"]
[EventDate "2009.01.11"]

1. e4 e6 2. f4 d5 3. e5 c5 4. Nf3 Nc6 5. c3 Nh6 6. Na3 Nf5 7. Nc2 h5 8. d3 Be7
9. g3 b6 10. d4 Bb7 11. Be2 cxd4 12. Ncxd4 Nfxd4 13. cxd4 Qc8 14. O-O Ba6 15.
Be3 Bxe2 16. Qxe2 Nb4 17. Ne1 g6 18. a3 Qa6 19. Qd1 Nc6 20. Ng2 Rc8 21. Rc1 Kd7
22. h3 Nxe5 23. Rxc8 Rxc8 24. f5 gxf5 25. Qxh5 Qd3 26. Qxf7 Nc4 27. Bf2 Nd2 28.
Qxe6+ Kxe6 29. Nf4+ Kd7 30. Nxd3 Nxf1 31. Kxf1 Bg5 32. h4 Bc1 33. Kg2 a5 34.
Kf3 Rc2 35. h5 Bxb2 36. h6 Ba1 37. a4 Rc8 38. Kf4 Ke6 39. Kg5 Rg8+ 40. Kh5 Bc3
41. h7 Rh8 42. Kg6 Bd2 43. Kg7 1-0

[Event "7th Parsvnath International Open Chess T"]
[Site "Modern School, Barakhamba Road"]
[Date "2009.01.13"]
[Round "4.30"]
[White "Girinath, P D S."]
[Black "Anilkumar, O T."]
[Result "1/2-1/2"]
[WhiteElo "2404"]
[BlackElo "2207"]
[PlyCount "119"]
[EventDate "2009.01.11"]

1. e4 g6 2. d4 c6 3. h3 Bg7 4. Nc3 d6 5. a4 Nf6 6. g3 e5 7. Be3 O-O 8. Bg2 Na6
9. Nge2 Qe7 10. O-O Be6 11. Re1 Rad8 12. d5 Bc8 13. Qd2 c5 14. Nb5 b6 15. a5
Bd7 16. Nxa7 b5 17. Nc6 Bxc6 18. dxc6 Qc7 19. Nc3 Qxc6 20. Bg5 Nc7 21. Bxf6
Bxf6 22. Red1 Be7 23. h4 Ra8 24. Nd5 Nxd5 25. Qxd5 Qc7 26. a6 Rfb8 27. Ra3 Ra7
28. Rda1 Bd8 29. Bf1 Qd7 30. c4 b4 31. Ra4 Qe6 32. b3 Kf8 33. Kh2 g5 34. h5 Rb6
35. Bh3 Qxd5 36. exd5 Rb8 37. Bf5 h6 38. Kg2 Bf6 39. R1a2 Rba8 40. Kf3 Bd8 41.
Ke4 Bf6 42. Bg4 Bd8 43. Ra1 Kg7 44. R4a2 Bf6 45. Ra4 Bd8 46. R1a2 Bf6 47. Bf3
Bd8 48. Kf5 Bf6 49. Be4 Bd8 50. Ra1 Bf6 51. f3 Bd8 52. R4a2 Bf6 53. Ra4 Bd8 54.
R1a2 Bf6 55. Kg4 Bd8 56. Bf5 Bf6 57. Be4 Bd8 58. Bf5 Bf6 59. Bc2 Bd8 60. Bf5
1/2-1/2

[Event "7th Parsvnath International Open Chess T"]
[Site "Modern School, Barakhamba Road"]
[Date "2009.01.13"]
[Round "4.31"]
[White "Chatterjee, Debaraj"]
[Black "Akshayraj, Kore"]
[Result "1-0"]
[WhiteElo "2218"]
[BlackElo "2403"]
[PlyCount "77"]
[EventDate "2009.01.11"]

1. d4 d6 2. Nf3 g6 3. c4 Bg7 4. Nc3 Bg4 5. e3 Nf6 6. Be2 O-O 7. h3 Bf5 8. O-O
c5 9. d5 e5 10. Nd2 Kh8 11. e4 Bc8 12. a3 a5 13. Rb1 Na6 14. Nb3 Ng8 15. Be3 f5
16. f3 f4 17. Bf2 g5 18. Nc1 Rf6 19. Kh2 h5 20. Rh1 Nh6 21. Kg1 Rg6 22. Kf1 Kg8
23. Nd3 g4 24. hxg4 hxg4 25. b4 axb4 26. axb4 Nxb4 27. Nxb4 cxb4 28. Rxb4 Qg5
29. Ra4 gxf3 30. Bxf3 Rxa4 31. Qxa4 Qd8 32. Bh5 Bd7 33. Qb4 Rg3 34. Bxg3 fxg3
35. Qxd6 Qa5 36. Qxd7 Qxc3 37. Qe6+ Kh8 38. Qe8+ Kh7 39. Bg6# 1-0

[Event "7th Parsvnath International Open Chess T"]
[Site "Modern School, Barakhamba Road"]
[Date "2009.01.13"]
[Round "4.32"]
[White "Sharma, Harish"]
[Black "Sharma, Dinesh K"]
[Result "1/2-1/2"]
[WhiteElo "2091"]
[BlackElo "2394"]
[PlyCount "92"]
[EventDate "2009.01.11"]

1. e4 c5 2. Nf3 Nc6 3. d4 cxd4 4. Nxd4 e6 5. c3 Qc7 6. Be3 Nf6 7. Bd3 d5 8.
exd5 Nxd5 9. O-O Nxe3 10. fxe3 Ne5 11. Bb5+ Bd7 12. Qa4 a6 13. Bxd7+ Qxd7 14.
Qc2 Bd6 15. Qe2 O-O 16. Nd2 Bc7 17. Ne4 Qe7 18. Qh5 f6 19. Qe2 Rae8 20. Nf2 Bb8
21. Nf3 Nc6 22. e4 Qc5 23. g3 Qh5 24. Kg2 Ne5 25. Rfe1 Nxf3 26. Qxf3 Qxf3+ 27.
Kxf3 Rd8 28. Rad1 Kf7 29. Rxd8 Rxd8 30. Rd1 Rxd1 31. Nxd1 Ke7 32. Ne3 h5 33. h3
Kd6 34. Nc4+ Kc5 35. Ne3 a5 36. g4 hxg4+ 37. hxg4 a4 38. Ke2 Bf4 39. Ng2 Bg5
40. b3 axb3 41. axb3 g6 42. Ne1 f5 43. Nd3+ Kc6 44. Kf3 b5 45. c4 bxc4 46. bxc4
Bd2 1/2-1/2

[Event "7th Parsvnath International Open Chess T"]
[Site "Modern School, Barakhamba Road"]
[Date "2009.01.13"]
[Round "4.33"]
[White "Sumit, Grover"]
[Black "Roktim, Bandyopadhyay"]
[Result "0-1"]
[WhiteElo "1975"]
[BlackElo "2372"]
[PlyCount "52"]
[EventDate "2009.01.11"]

1. d4 Nf6 2. c4 Nc6 3. Nf3 e6 4. Nc3 Bb4 5. e3 d6 6. Bd3 e5 7. d5 Bxc3+ 8. bxc3
Ne7 9. e4 O-O 10. Nh4 Nd7 11. Nf5 Nxf5 12. exf5 e4 13. Bxe4 Qh4 14. Bd3 Re8+
15. Kf1 Ne5 16. Qe2 Bd7 17. Be3 Ng4 18. Re1 Re5 19. Kg1 Nxe3 20. fxe3 Bxf5 21.
Bxf5 Rxf5 22. e4 Re8 23. g3 Qe7 24. Qb2 b6 25. h4 Re5 26. Rh2 Rxe4 0-1

[Event "7th Parsvnath International Open Chess T"]
[Site "Modern School, Barakhamba Road"]
[Date "2009.01.13"]
[Round "4.34"]
[White "Nitin, S."]
[Black "Sai, Krishna G V"]
[Result "1/2-1/2"]
[WhiteElo "2365"]
[BlackElo "2162"]
[PlyCount "186"]
[EventDate "2009.01.11"]

1. e4 e5 2. Nf3 Nc6 3. Nc3 Nf6 4. Bb5 Bb4 5. O-O O-O 6. d3 d6 7. Bg5 Bxc3 8.
bxc3 h6 9. Bh4 Qe7 10. Nd2 Nd8 11. Re1 Ne6 12. Nf1 Nf4 13. Ne3 g5 14. Bg3 c5
15. a4 Be6 16. f3 Qc7 17. Qd2 d5 18. exd5 N6xd5 19. Nxd5 Bxd5 20. d4 exd4 21.
cxd4 cxd4 22. Qxd4 Rfd8 23. Qf6 Qb6+ 24. Qxb6 axb6 25. Rab1 Rdc8 26. Bxf4 gxf4
27. Bd3 Rxa4 28. Rxb6 Bc6 29. h4 Rd8 30. Re5 Ra2 31. Rb4 Ra4 32. Rxa4 Bxa4 33.
Re4 b5 34. Rxf4 Rc8 35. Rg4+ Kf8 36. Rb4 Bxc2 37. Bxc2 Rxc2 38. Rxb5 Rc4 39. h5
Kg7 40. Kh2 Rc2 41. Kh3 Rf2 42. Rf5 Ra2 43. g4 Ra3 44. Kg3 f6 45. Rd5 Ra7 46.
Kf4 Kf7 47. Kf5 Re7 48. Rb5 Ra7 49. Ke4 Ra4+ 50. Kd5 Ra7 51. Rc5 Rd7+ 52. Ke4
Re7+ 53. Kf5 Ra7 54. Rc3 Ra5+ 55. Ke4 Ra7 56. Kd5 Rd7+ 57. Kc6 Ra7 58. Kb6 Ra4
59. Rc7+ Kg8 60. Rc5 Kg7 61. Kb5 Rf4 62. Rf5 Rd4 63. Kc5 Rd3 64. Kc4 Ra3 65.
Kd4 Ra4+ 66. Kd5 Ra5+ 67. Ke4 Ra4+ 68. Ke3 Ra3+ 69. Kf4 Ra4+ 70. Kg3 Ra3 71.
Rc5 Ra7 72. Kf4 Ra4+ 73. Kf5 Ra7 74. f4 Rb7 75. Rc4 Ra7 76. Ke4 Re7+ 77. Kd5
Rd7+ 78. Kc6 Rd1 79. f5 Rd2 80. Kc7 Rd1 81. Kc8 Rg1 82. Rd4 Rg2 83. Rd7+ Kf8
84. Rd4 Kf7 85. Kd8 Rg1 86. Rd7+ Kf8 87. Kc7 Rxg4 88. Kd6 Re4 89. Rh7 Re5 90.
Rxh6 Rxf5 91. Ke6 Rf1 92. Rg6 Rh1 93. h6 Re1+ 1/2-1/2

[Event "7th Parsvnath International Open Chess T"]
[Site "Modern School, Barakhamba Road"]
[Date "2009.01.13"]
[Round "4.35"]
[White "Pratyusha, Bodda"]
[Black "Debashis, Das"]
[Result "0-1"]
[WhiteElo "1957"]
[BlackElo "2365"]
[PlyCount "114"]
[EventDate "2009.01.11"]

1. e4 c5 2. Nf3 d6 3. d4 cxd4 4. Nxd4 Nf6 5. Nc3 a6 6. f4 Nbd7 7. a4 g6 8. Bd3
Bg7 9. Nf3 O-O 10. O-O Nc5 11. Kh1 Rb8 12. Qe1 b5 13. axb5 axb5 14. Bd2 b4 15.
Na4 Nxd3 16. cxd3 Ba6 17. Qe2 Bb5 18. Ra2 Nd7 19. Be3 Ra8 20. Rfa1 e5 21. Qd2
exf4 22. Bxf4 Nc5 23. Nxc5 Rxa2 24. Rxa2 dxc5 25. Be3 Qxd3 26. Qxd3 Bxd3 27.
Bxc5 Rb8 28. e5 b3 29. Ra3 Bc2 30. Bd6 Rc8 31. Ra1 Bh6 32. Ba3 Be4 33. Nd4 Bd5
34. Re1 Rc1 35. Rxc1 Bxc1 36. Ne2 Be3 37. h3 Bc4 38. Ng1 Bd5 39. Ne2 Kg7 40.
Kh2 Bc4 41. Ng1 Bf4+ 42. g3 Bxe5 43. Nf3 Bf6 44. Nd2 Bd5 45. Kg1 h5 46. Kf2 g5
47. Ke3 Kg6 48. g4 hxg4 49. hxg4 Be5 50. Nf1 Kf6 51. Kf2 Bd4+ 52. Kg3 Be5+ 53.
Kf2 Ke6 54. Nd2 Bd4+ 55. Ke2 f5 56. gxf5+ Kxf5 57. Kf1 g4 0-1

[Event "7th Parsvnath International Open Chess T"]
[Site "Modern School, Barakhamba Road"]
[Date "2009.01.13"]
[Round "4.36"]
[White "Djuraev, Sokhib"]
[Black "Raghavendra, V."]
[Result "1-0"]
[WhiteElo "2353"]
[BlackElo "2088"]
[PlyCount "83"]
[EventDate "2009.01.11"]

1. e4 c5 2. Nf3 Nc6 3. d4 cxd4 4. Nxd4 Nf6 5. Nc3 e5 6. Ndb5 d6 7. Bg5 a6 8.
Na3 b5 9. Nd5 Be7 10. Bxf6 Bxf6 11. c4 O-O 12. cxb5 Nd4 13. b6 Bb7 14. Nc4 Rc8
15. b3 Rc5 16. Nc3 d5 17. exd5 Bxd5 18. Nxd5 Qxd5 19. Ne3 Qb7 20. Bc4 Qxb6 21.
O-O Bg5 22. Qd3 a5 23. Nd5 Qg6 24. Qxg6 hxg6 25. Rae1 Nc6 26. Nb6 Nb8 27. Na4
Rc6 28. Rxe5 Bd8 29. Rd1 Rf6 30. Nc5 Bc7 31. Re2 Bb6 32. Ne4 Rf5 33. g3 Re5 34.
Kf1 Rfe8 35. Rde1 Rf8 36. f4 Rf5 37. Nd6 Rf6 38. Nxf7 R6xf7 39. Re7 Kh7 40.
Rxf7 Rxf7 41. Bxf7 Nd7 42. Re6 1-0

[Event "7th Parsvnath International Open Chess T"]
[Site "Modern School, Barakhamba Road"]
[Date "2009.01.13"]
[Round "4.37"]
[White "Shivananda, B S."]
[Black "G, Akash"]
[Result "1/2-1/2"]
[WhiteElo "2347"]
[BlackElo "2043"]
[PlyCount "145"]
[EventDate "2009.01.11"]

1. g3 e5 2. Bg2 d5 3. d3 Nc6 4. Nd2 Nf6 5. a3 Bc5 6. e3 a5 7. b3 O-O 8. Bb2 Bg4
9. Ne2 Qd7 10. h3 Be6 11. Nf3 d4 12. e4 h6 13. g4 Ne8 14. Ng3 f6 15. Nh4 Ne7
16. Bc1 Nd6 17. Nhf5 Nexf5 18. gxf5 Bf7 19. Bf3 a4 20. b4 Bb6 21. Rg1 c5 22.
bxc5 Bxc5 23. Bh5 b5 24. Qg4 Kh8 25. Bxf7 Qxf7 26. Nh5 Ne8 27. Qh4 Rg8 28. Rg6
Bf8 29. Kd1 Rc8 30. Rb1 Qc7 31. Rb2 b4 32. axb4 Qf7 33. Rb1 a3 34. Ra1 a2 35.
Bd2 Qa7 36. Bxh6 gxh6 37. Rxg8+ Kxg8 38. Nxf6+ Nxf6 39. Qxf6 Ra8 40. Qxe5 Bxb4
41. Qd5+ Kh8 42. Rxa2 Qxa2 43. Qxd4+ Kg8 44. Qxb4 Rc8 45. Qd2 Qb1+ 46. Qc1
Qxc1+ 47. Kxc1 Kf7 48. Kd2 Kf6 49. c4 Rg8 50. Ke3 Rg1 51. Kf4 Rh1 52. e5+ Kf7
53. d4 Rxh3 54. Ke4 Rc3 55. Kd5 h5 56. e6+ Kf6 57. c5 h4 58. Kd6 Rc1 59. c6 h3
60. e7 Rxc6+ 61. Kd7 Rc7+ 62. Kxc7 Kxe7 63. d5 h2 64. d6+ Kf7 65. d7 h1=Q 66.
d8=Q Qc1+ 67. Kb6 Qb2+ 68. Ka5 Qa3+ 69. Kb5 Qb3+ 70. Kc5 Qc2+ 71. Kd6 Qd3+ 72.
Kc7 Qxd8+ 73. Kxd8 1/2-1/2

[Event "7th Parsvnath International Open Chess T"]
[Site "Modern School, Barakhamba Road"]
[Date "2009.01.13"]
[Round "4.38"]
[White "Areshchenko, Alexander"]
[Black "Deepthamsh, Reddy  M"]
[Result "1-0"]
[WhiteElo "2673"]
[BlackElo "2110"]
[PlyCount "57"]
[EventDate "2009.01.11"]

1. e4 c5 2. Nf3 d6 3. d4 cxd4 4. Nxd4 Nf6 5. Nc3 a6 6. Be2 e5 7. Nb3 Be7 8. O-O
O-O 9. Re1 Be6 10. Bf3 Nbd7 11. a4 Nc5 12. Nd2 Rc8 13. Nf1 Qd7 14. a5 Qc6 15.
Nd5 Bxd5 16. exd5 Qc7 17. c4 b5 18. cxb5 axb5 19. Ne3 b4 20. Be2 Ra8 21. Nc4
Nb7 22. Be3 Nd7 23. Qa4 Nbc5 24. Qxb4 Rab8 25. Qc3 Rb3 26. Qc2 Qb7 27. a6 Qxd5
28. Na5 Rb6 29. Bc4 1-0

[Event "7th Parsvnath International Open Chess T"]
[Site "Modern School, Barakhamba Road"]
[Date "2009.01.13"]
[Round "4.39"]
[White "Solodovnichenko, Yuri"]
[Black "Sandeep, Chitkara"]
[Result "1-0"]
[WhiteElo "2571"]
[BlackElo "2105"]
[PlyCount "39"]
[EventDate "2009.01.11"]

1. e4 e6 2. d4 d5 3. Nc3 dxe4 4. Nxe4 Bd7 5. Nf3 Bc6 6. Bd3 Nd7 7. O-O Ngf6 8.
Neg5 h6 9. Nxe6 fxe6 10. Bg6+ Ke7 11. Re1 Nb6 12. Qe2 Qd5 13. b3 Bb5 14. c4
Nxc4 15. bxc4 Bxc4 16. Qc2 b5 17. Ne5 Rg8 18. Bf7 Kd8 19. Qg6 Kc8 20. Nxc4 1-0

[Event "7th Parsvnath International Open Chess T"]
[Site "Modern School, Barakhamba Road"]
[Date "2009.01.13"]
[Round "4.40"]
[White "Bhat, Vinay S"]
[Black "Tiwari, Ashwani"]
[Result "1-0"]
[WhiteElo "2495"]
[BlackElo "2096"]
[PlyCount "81"]
[EventDate "2009.01.11"]

1. d4 f5 2. Nc3 Nf6 3. Bg5 d5 4. Bxf6 exf6 5. e3 Be6 6. Qf3 c6 7. Bd3 g6 8. h3
Nd7 9. g4 fxg4 10. hxg4 Bf7 11. O-O-O Qa5 12. Kb1 O-O-O 13. Nge2 Bb4 14. Rh3
Rdf8 15. Rdh1 Ne5 16. dxe5 fxe5 17. Qg3 e4 18. Bxe4 dxe4 19. a3 Bxc3 20. Nxc3
h5 21. Nxe4 Qd5 22. Nd6+ Kd7 23. Nxf7 Rxf7 24. gxh5 gxh5 25. Rh4 Kc8 26. e4 Qd4
27. Rf4 Rxf4 28. Qxf4 h4 29. Rxh4 Rxh4 30. Qxh4 Qd1+ 31. Ka2 Qxc2 32. Qh8+ Kc7
33. Qe5+ Kc8 34. Qe6+ Kc7 35. f4 b5 36. f5 c5 37. Qe5+ Kb6 38. Qd6+ Kb7 39.
Qd5+ Kb6 40. f6 b4 41. f7 1-0

[Event "7th Parsvnath International Open Chess T"]
[Site "Modern School, Barakhamba Road"]
[Date "2009.01.13"]
[Round "4.41"]
[White "Laxman, R R."]
[Black "Gagare, Shalmali"]
[Result "1-0"]
[WhiteElo "2478"]
[BlackElo "2093"]
[PlyCount "133"]
[EventDate "2009.01.11"]

1. d4 d5 2. c4 dxc4 3. Nf3 Nf6 4. e3 e6 5. Bxc4 c5 6. O-O a6 7. dxc5 Qxd1 8.
Rxd1 Bxc5 9. Nbd2 Nbd7 10. Be2 Ke7 11. Nc4 Nb6 12. Nxb6 Bxb6 13. Bd2 Ne4 14.
Bb4+ Bc5 15. Bxc5+ Nxc5 16. Rac1 Nd7 17. Rc7 Kd8 18. Rcxd7+ Bxd7 19. Ne5 Ke8
20. Nxd7 Rd8 21. Nc5 Rxd1+ 22. Bxd1 Ke7 23. Kf1 Rb8 24. Ke1 Kd6 25. Ne4+ Ke5
26. Bc2 h6 27. f4+ Kd5 28. Kd2 Rd8 29. g4 Kc4+ 30. Ke2 Kd5 31. h4 Rc8 32. Nc3+
Kc6 33. Bb3 Rc7 34. e4 Kc5 35. Ke3 b5 36. f5 b4 37. Ne2 e5 38. Nc1 f6 39. Nd3+
Kb5 40. Kd2 a5 41. Bd5 Rc8 42. Nf2 a4 43. b3 axb3 44. axb3 Rd8 45. Nd3 Rd7 46.
Bc4+ Ka5 47. Ke3 Rc7 48. g5 hxg5 49. hxg5 Rc8 50. gxf6 gxf6 51. Nf2 Kb6 52. Ng4
Rf8 53. Bd5 Kc5 54. Be6 Kb5 55. Kf3 Kc5 56. Kg3 Kd4 57. Bd5 Kd3 58. Nh6 Ke3 59.
Kg4 Rd8 60. Kh5 Kf3 61. Kg6 Rd6 62. Nf7 Ra6 63. Nd8 Rd6 64. Ne6 Rxd5 65. exd5
e4 66. d6 e3 67. d7 1-0